000 nam a22 7a 4500
999 _c8165
_d8165
008 171204b xxu||||| |||| 00| 0 eng d
100 _aHarris F miles
_94600
245 _aInvestigating the Earth
260 _aUSA
_bMifflin company
_c1976